000
00225nam a2200097Ia 4500
001
908093
005
20250826185047.0
008
250824s9999 xx 000 0 und d
245
0
_a
CEZMİ
_c
NAMIK KEMAL
260
_b
KENT YAYINLARI
999
_c
908093
_d
908093